000
00267nam a2200097Ia 4500
001
644260
005
20250826153601.0
008
250824s9999 xx 000 0 und d
245
0
_a
GÜLİSTAN GENÇLİK KLASİKLERİ
_c
ŞEYH SADİ-İ ŞİRAZİ
260
_b
TİMAŞ ÇOCUK
999
_c
644260
_d
644260